Sports Quiz

Random Sports or Toys Quiz
Score 0/14 Timer 02:00
0 Plays Today
% Correct
New York Yankees
94.6%
Kansas City Royals
90.2%
Detroit Tigers
88.4%
Chicago White Sox
88.3%
Washington Nationals
88%
Milwaukee Brewers
87.6%
St. Louis Cardinals
87.4%
% Correct
Boston Red Sox
87.2%
Baltimore Orioles
86.1%
Philadelphia Phillies
85%
Seattle Mariners
82.5%
Toronto Blue Jays
81.9%
Arizona Diamondbacks
81%
Atlanta Braves
78.7%
Remove Ads.
Support Sporcle.
Get the best of Sporcle when you Go Orange. This ad-free experience offers more features, more stats, and more fun while also helping to support Sporcle. Thank you for becoming a member.

You're not logged in!

Compare scores with friends on all Sporcle quizzes.
OR
Log In

Show Comments

Extras

Top Quizzes Today


Score Distribution

Your Account Isn't Verified!

In order to create a playlist on Sporcle, you need to verify the email address you used during registration. Go to your Sporcle Settings to finish the process.

Report this User

Report this user for behavior that violates our Community Guidelines.

Details: